000 00537nam a2200193Ia 4500
003 SISC
005 20181019163054.0
008 181018s9999 xx 000 0 und d
020 _a9780965016322
050 _aQC 16.E5
_b.Ov96 2000
100 _aOverbye, Dennis
245 _cDennis Overbye
_aEinstein in love:
_ba scientific romance/
260 _aNY:
_bViking
_c2000
300 _axv, 416 pages :
_c20 cm.
500 _aIncludes index
650 _aEinstein, Albert, 1879-1955
650 _aRelation with women
942 _2lcc
_cBK
999 _c359243
_d359243